| 000 | 00863nam a2200289 a 4500 | ||
|---|---|---|---|
| 001 | 000024319 | ||
| 003 | DO-SdBNP | ||
| 005 | 20171019105305.0 | ||
| 007 | 000024319 | ||
| 008 | 110126s1996 dr a 000 0 spa d | ||
| 040 |
_aBPMSU _bspa _cBPMSU |
||
| 082 | 4 |
_aRD860 _bA634i |
|
| 092 | _a | ||
| 245 | 1 | 0 |
_aAntología infantil / _cselección de versos, canciones y fábulas Fiume Gómez |
| 250 | _a | ||
| 260 |
_aSanto Domingo : _bAmigo del Hogar, _c1996 |
||
| 300 |
_a94 p. : _bil. ; _c29 cm. |
||
| 650 | _aPOESÍA INFANTIL | ||
| 650 | _aCANCIONES INFANTILES | ||
| 650 |
_aFÁBULAS _xLITERATURA INFANTIL |
||
| 650 | _aLITERATURA INFANTIL | ||
| 700 | _4Gómez Sánchez, Fiume Bienvenida. | ||
| 942 |
_2ddc _cBK |
||
| 945 | _aInventariado infantil / 2017 VM | ||
| 956 |
_aVMATEO _b10 _c20150518 _lBPMSU _h0069 |
||
| 956 | _aValidado. Control de calidad MFF | ||
| 999 |
_c7889 _d7889 |
||